History Quiz

Random History or Year Quiz
Score 0/33 Timer 07:00
3 Plays Today
% Correct
Great Britain
99.4%
King George III
84.6%
Thomas Jefferson
84.4%
J.A. or T.J.
78.7%
Happiness
73.3%
Circle
71.7%
Harvard
71.6%
France
70.1%
Washington, DC
69.3%
Philadelphia
67.8%
United
67.5%
States (of)
67.3%
America
66.9%
George Washington
66.8%
China
66.1%
Fireworks
65%
Virginia
64.7%
% Correct
The Constitution
64%
Hot dogs
63.3%
Benjamin Franklin
62.2%
Ice Cream
59.3%
White House
59%
John Adams
57.3%
Liberty Bell
57%
The Pledge of Allegiance
57%
John Hancock
55.3%
Francis Scott Key
54.6%
Fort Knox
54.5%
Thomas Jefferson
54.2%
56 men
50.8%
Massachusetts
46.2%
James Monroe
36.9%
Calvin Coolidge
28.4%
Remove Ads.
Support Sporcle.
Get the best of Sporcle when you Go Orange. This ad-free experience offers more features, more stats, and more fun while also helping to support Sporcle. Thank you for becoming a member.

You're not logged in!

Compare scores with friends on all Sporcle quizzes.
OR
Log In

Sporcle TV

Today on Sporcle TV


Watch our educational content, quiz creation guides, and fun videos on Sporcle TV.

Show Comments

Extras

Top Quizzes Today


Score Distribution

Paid Content

Your Account Isn't Verified!

In order to create a playlist on Sporcle, you need to verify the email address you used during registration. Go to your Sporcle Settings to finish the process.

Report this User

Report this user for behavior that violates our Community Guidelines.

Details: